000 00558cam a2200193ua 4500
001 4306
005 20260515113820.0
008 111223n ii |||gr||||Z||||||eng
040 _cMAIN
082 _a305.4
100 1 _aMahanta, Aparna,
_eEditor.,
245 1 1 _aHumen rights women of north east india
_ced. by Aparna Mahanta
250 _a1st.
260 _aDibrugarh:
_bCentre for women studies dibrugarh university,
_c2002.
300 _a278p:
_c23cm.
653 _aSocial group of women
653 _aHumen rights women of north east india
942 _cBK
999 _c4121
_d4121